000
00284nam a2200109Ia 4500
008
200302s9999 xx 000 0 und d
100
_a
Kaufmann & Ben Raeburn
245
_a
Frank Lioyd Wright: Writings and Buildings
260
_b
Penguin Group Ltd.
260
_c
1960
300
_a
346 P.,
999
_c
2355
_d
2355